000 00666nam a2200277Ia 4500
005 20260121124532.0
008 008 260114s9999 xx 000 0 eng d
020 _a9783110758610
037 _aEBOOK
040 _aCRL
040 _beng
040 _cCRL
041 _2eng
041 _aeng
084 _qCRL
100 _aWolf, Julia
_9977654
245 4 _aThe Paradox of False Belief Understanding
260 _bWalter de Gruyter
260 _bWalter de Gruyter
260 _c2021
650 _aPhilosophy
_9977655
856 _uhttp://www.degruyter.com/isbn/9783110758610
942 _cEBOOK
999 _c1555317
_d1555317